Everything you nedd to know about inventions. (Record no. 115364)
[ view plain ]
| 000 -LEADER | |
|---|---|
| fixed length control field | 00514nam a2200181 a 4500 |
| 005 - DATE AND TIME OF LATEST TRANSACTION | |
| control field | 20140414132142.0 |
| 008 - FIXED-LENGTH DATA ELEMENTS--GENERAL INFORMATION | |
| fixed length control field | 140201s19uu xx 00 eng d |
| 020 ## - INTERNATIONAL STANDARD BOOK NUMBER | |
| International Standard Book Number | 978190755421 |
| 050 ## - LIBRARY OF CONGRESS CALL NUMBER | |
| Classification number | REF 608.7 |
| Item number | He34 2012 |
| 100 ## - MAIN ENTRY--PERSONAL NAME | |
| Personal name | Heatley, Michael |
| 245 ## - TITLE STATEMENT | |
| Title | Everything you nedd to know about inventions. |
| 260 ## - PUBLICATION, DISTRIBUTION, ETC. (IMPRINT) | |
| Place of publication, distribution, etc | London, New York : |
| Name of publisher, distributor, etc | Anova Books Company, |
| Date of publication, distribution, etc | c2012. |
| 300 ## - PHYSICAL DESCRIPTION | |
| Extent | 224 |
| 650 ## - SUBJECT ADDED ENTRY--TOPICAL TERM | |
| Topical term or geographic name as entry element | Inventions- |
| General subdivision | juvenile literature |
| 650 ## - SUBJECT ADDED ENTRY--TOPICAL TERM | |
| Topical term or geographic name as entry element | Inventions- |
| 700 ## - ADDED ENTRY--PERSONAL NAME | |
| Personal name | Saller, Colin |
| Withdrawn status | Lost status | Damaged status | Use restrictions | Home library | Current library | Shelving location | Date acquired | Source of acquisition | Total Checkouts | Full call number | Barcode | Date last seen | Price effective from | Koha item type |
|---|---|---|---|---|---|---|---|---|---|---|---|---|---|---|
| Munich Library | Munich Library | Reference Section | 02/01/2014 | REF 608.7 He34 2012 | M7423 | 04/14/2014 | 04/14/2014 | Books |